|
|
|
|
| LEADER |
00000nas a2200000 a 4500 |
| 003 |
Ucuenca |
| 005 |
20230308223931.0 |
| 008 |
013111|2013 cl |||||r|||||||||||spa|| |
| 020 |
|
|
|a 9789212211015
|
| 022 |
|
|
|a 0252-0257
|
| 040 |
|
|
|b spa
|
| 041 |
0 |
|
|a spa
|
| 082 |
0 |
|
|a 330.598
|b N12r
|
| 245 |
|
|
|a Revista de la CEPAL
|c Naciones Unidas, CEPAL
|h imp
|
| 264 |
|
|
|a Santiago de Chile
|b Naciones Unidas
|c Abril 2013
|
| 300 |
|
|
|a 199 páginas:
|b tab
|c 27 cm
|
| 362 |
|
|
|a no. 109 (abril 2013)
|
| 504 |
|
|
|a incl. ref.
|
| 650 |
|
|
|a Revista cepal
|9 185374
|
| 650 |
|
|
|a Libre comercio
|9 1508
|
| 650 |
|
4 |
|a Macroeconomía
|9 19106
|
| 650 |
|
|
|a Insumo-Producto
|9 39520
|
| 650 |
|
0 |
|a Políticas económicas
|9 79630
|
| 650 |
|
|
|a Desigualdad
|9 26604
|
| 650 |
|
|
|a Heterogeneidad estrucutural
|9 208489
|
| 650 |
|
|
|a Manufactura mexicana
|9 208490
|
| 650 |
|
|
|9 151132
|a Derecho del agua
|
| 650 |
|
0 |
|a América Latina
|9 878
|
| 710 |
2 |
|
|a Comisión Económica para América Latina y el Caribe.
|g CEPAL
|9 51003
|
| 852 |
|
|
|a UC-CDJBV
|f Donación
|l 1
|m General
|p 20131111
|q 1.00
|r 2
|t si9049
|b 0
|d CDRC
|e CDRC
|g 330.598 N12r TERCER PISO (SECCION REVISTAS)
|u http://nas.ucuenca.edu.ec/BibliotecaDigital/ebooks/librosyrev/si9049.pdf
|z 2013-31-11
|
| 856 |
|
|
|u http://nas.ucuenca.edu.ec/BibliotecaDigital/ebooks/librosyrev/si9049.pdf
|
| 942 |
|
|
|c SER
|
| 999 |
|
|
|c 146695
|d 146695
|